00782 2200253 4500001002100000005001500021035002000036007000300056008004100059082001400100084001600114100001900130245014500149260004700294300003000341500003000371650002300401600003200424040001600456090001800472850001200490041000800502990001800510INLIS00000000079429820180806050109 a0010-0818000178ta180806 g 0 dut 04223a340.2 a340.2 OVE o1 aOven, J.C. van1 aOpstellen over hedendaagsch recht :bop 17 november 1946 door vrienden en leerlingen aangeboden aan Prof. Mr. J.C. van Oven /cJ.C. van Oven3 aLeiden :bUniversitaire Pers Leiden,c1946 axix, 291 halaman ;c25 cm aTeks dalam bahasa Belanda 4aPerbandingan Hukum14aOven, Julius Christiaan van aYOPYOGbind aL 340.2 OVE o aYOPDYOG0 adut a60520-PD/A.18